00389cam a2200157ua 45000010005000000080039000050400009000440820008000531000026000612450035000872500012001222600045001343000010001796530021001896530021002105888131026n ii |||gr||||Z||||||eng cMAIN a9541 aKhurana,K.L,eAuthor.11aHistory Of IndiacK.L. Khurana b2nd ed. aAgra:bLakshmi Narain Agarwal,c1996-97. a298p. aSouth Asia India aHistory Of India